Online Catalogue and eLibrary

Third Sex Third Gender : (Record no. 1506)

MARC details
000 -LEADER
fixed length control field 00471nam a2200181Ia 4500
005 - DATE AND TIME OF LATEST TRANSACTION
control field 20241218061304.0
008 - FIXED-LENGTH DATA ELEMENTS--GENERAL INFORMATION
fixed length control field 240331s9999 xx 000 0 und d
020 ## - INTERNATIONAL STANDARD BOOK NUMBER
ISBN 0942299825
082 ## - DDC Classification
Item Number - Author Mark GIL
DDC Edition Number 2254
Class No. 305
245 #0 - TITLE STATEMENT
Title Third Sex Third Gender :
Remainder of title Beyond Sexual Dimorphism in Culture and History
260 ## - PUBLICATION, DISTRIBUTION, ETC.
Place of publication, distribution, etc. New York
Name of publisher, distributor, etc. Zone Books
Date of publication, distribution, etc. 1993
300 ## - PHYSICAL DESCRIPTION
Extent (e.g. Volumes, Pages etc.) 614 p.,
650 ## - SUBJECT ADDED ENTRY--TOPICAL TERM
Topical term or geographic name entry element Gender
650 ## - SUBJECT ADDED ENTRY--TOPICAL TERM
Topical term or geographic name entry element Sex
650 ## - SUBJECT ADDED ENTRY--TOPICAL TERM
Topical term or geographic name entry element History
700 ## - ADDED ENTRY--PERSONAL NAME
Personal name Herdt, Gilbert
Relator term (Role) Editor
942 ## - Koha item type (Biblio)
Koha item type Books in Stacks (Lending)
Holdings
Lost status Damaged status Collection code Home library Current library Shelving location Date acquired Full call number Accession Number Item type
    Lending WERC Library WERC Library Social Science Cupboard 03/31/2024 305 THI 2254 Books in Stacks (Lending)

© WERC Library